| 000 | 00444cam a22001337a 4500 | ||
|---|---|---|---|
| 008 | 180718b1987 xxu||||| |||| 00| 0 eng d | ||
| 082 | _aB67x5444 K147 | ||
| 100 | _aKarnataka. Districts Reorganisation Committee | ||
| 245 | _aReport on Reorganisation of Districts and Taluks in Karnataka State (1984-87) | ||
| 260 |
_aBangalore _bThe author _c1987 |
||
| 300 | _a595+p. | ||
| 500 | _aChairman: T.M. Hundekar | ||
| 700 | _aHundekar, T.M. (Chairman) | ||
| 999 |
_c488800 _d488800 |
||